[Event "RSA-chT U18"]
[Site "Cape Town"]
[Date "2016.01.06"]
[Round "5.9"]
[White "Rensburg, Kyle"]
[Black "Van Blerk, Joshua"]
[Result "0-1"]
[WhiteElo "1198"]
[BlackElo "1300"]
[PlyCount "52"]
[EventDate "2016.01.04"]
[EventType "team-tourn"]
[EventRounds "7"]
[EventCountry "RSA"]
[SourceTitle "CBM 170 Extra"]
[Source "ChessBase"]
[SourceDate "2016.02.25"]
[SourceVersion "1"]
[SourceVersionDate "2016.02.25"]
[SourceQuality "1"]
[WhiteTeam "Nelson Mandela Bay"]
[BlackTeam "Western Province"]
[WhiteTeamCountry "RSA"]
[BlackTeamCountry "RSA"]

1. d4 Nf6 2. Nf3 d5 3. e3 e6 4. Bd3 c5 5. b3 Nc6 6. Bb2 Be7 7. 0-0 0-0 8. Nbd2 b6 9. Ne5 Bb7 10. f4 Nb4 11. Be2 Rc8 12. Rf3 c4 13. Ba3 c3 14. Nf1 Ne4 15. Rh3 Nc6 16. Bxe7 Nxe7 17. Bb5 Nf6 18. Ng3 Ba6 19. Qf3 Bxb5 20. f5 exf5 21. Nxf5 Nxf5 22. Qxf5 g6 23. Qg5 Qd6 24. Qh6 Rfe8 25. Ng4 Nxg4 26. Qxh7+ Kf8 0-1